| 000 | 00532nam a2200157 a 4500 | ||
|---|---|---|---|
| 008 | 120416s1983 ||||||||||||||||| || u | ||
| 020 | _a0039216586 | ||
| 050 | _aHM 51 Ess | ||
| 100 | _aHagedorn, Robert | ||
| 245 | 1 | 0 |
_aEssentials of sociology _cedited by Robert Hagedorn |
| 250 | _a2nd. ed. | ||
| 260 |
_aToronto _bHolt, Rinehart and Winston _c1983 |
||
| 300 | _axi, 435p. : ill | ||
| 350 | _a0.00 | ||
| 995 |
_D0.00 _FCBU-MAIN LIBRARY (Kitwe) _H1 _I0.00 _UAVAILABLE _ZShort Loan Collection |
||
| 999 |
_c42470 _d42470 |
||